Pilgrimage and Religious Mobilization in Europe (Record no. 15442)

MARC details
000 -LEADER
fixed length control field 01406nam a2200133Ia 4500
008 - FIXED-LENGTH DATA ELEMENTS--GENERAL INFORMATION
fixed length control field 220615s9999||||xx |||||||||||||| ||und||
020 ## - INTERNATIONAL STANDARD BOOK NUMBER
International Standard Book Number 9783040000000
245 #0 - TITLE STATEMENT
Title Pilgrimage and Religious Mobilization in Europe
546 ## - LANGUAGE NOTE
Language note English[eng]
650 ## - SUBJECT ADDED ENTRY--TOPICAL TERM
Topical term or geographic name entry element pilgrimage||Way of St. James||religion||lived religion||geopolitics||Catholic Church||Europe||materiality||politics||ideology||Virgin Mary||catholic pilgrimages||Mexican Catholicism||papacy||Roman Question||ultramontanism||Latin America||mobilization||internet||John Paul II||Benedict XVI||Francis||soft power||Marian apparition||Marian pilgrimage||Fatima||Pope Paul VI||Pope John Paul II||Pope Benedict XVI||Pope Francis||communion||protest||Romania||transformation||spiritual routes||Via Francigena||contemporary pilgrimage||St. Peter Apostle||St. Francis of Assisi||Mediterranean routes||learning walks||hiking||socio-educational pilgrimage||delinquency||young offenders||Camino de Santiago||pilgrimages||marriage||family||Poland||pilgrims||German-speaking||religiosity||spirituality||multidimensional structure of religiosity||centrality of religiosity scale||religious self-concept||spiritual self-concept||tourism||charismatic objects||Oberammergau||Passion Play||relics||Karol Wojtyła||dignity of the person||truth||freedom||conscience
700 ## - ADDED ENTRY--PERSONAL NAME
Personal name Barbato, Mariano P.
856 ## - ELECTRONIC LOCATION AND ACCESS
Uniform Resource Identifier <a href="https://mdpi.com/books/pdfview/book/5207">https://mdpi.com/books/pdfview/book/5207</a>
942 ## - ADDED ENTRY ELEMENTS (KOHA)
Koha item type E-Books
Holdings
Withdrawn status Lost status Damaged status Not for loan Home library Current library Date acquired Total Checkouts Date last seen Price effective from Koha item type
        Kerala University of Digital Sciences, Innovation and Technology Knowledge Centre Kerala University of Digital Sciences, Innovation and Technology Knowledge Centre 15/06/2022   15/06/2022 15/06/2022 E-Books